000 00338pab a2200145 454500
008 180718b2002 xxu||||| |||| 00| 0 eng d
100 _aBagchi, Sanjoy
245 _aExim policy 2002-07
260 _c2002
300 _ap.1488-490.
362 _a20 Apr
650 _aExports
773 _aEconomic and Political Weekly
909 _a52079
999 _c52079
_d52079